000 00966nam a2200265 i 4500
001 35952
003 BD-RjUL
005 20211209052416.0
008 140612s1960 nyua 100 0 eng d
035 _a(BD-RjUL)36049
040 _aIAR
_cIAR
_dOCL
_dBNG
_dMYG
_dBD-RjUL
_beng
041 _aeng
082 0 0 _a304.60951
_bPOP 1960
090 _aHB885
_b.M5x 1959
110 2 _aMilbank Memorial Fund.
_9109469
245 1 0 _aPopulation trends in Eastern Europe, the USSR and mainland China :
_bproceedings of the thirty-sixth annual conference of the Milbank Memorial Fund, held November 4-5, 1959, at the Carnegie Endowment International Center /
_cMilbank Memorial Fund.
260 _aNew York :
_bThe Fund,
_c1960.
300 _a336 p. :
_bill. ;
_c23 cm.
651 0 _aChina
_xPopulation.
_9109448
651 0 _aEurope, Eastern
_xPopulation.
_9109449
651 0 _aSoviet Union
_xPopulation.
_9108496
942 _2ddc
_cBK
946 _at
949 _ac
_p39080021857500
999 _c35952
_d35952